000 00762nam a2200217 a 4500
001 BRCA_9117
005 20190320210527.0
008 051017s1726----it-#######---#000-0#lat-#
041 _alat
044 _ait
084 _aCO5
_b.L87 1726
100 1 _aLupum, Christianum
_922497
245 1 0 _aSynodorum generalium, ac provincialium decreta, et canones...
_cper F. Christianum Lupum; pars sexta.
260 _aVenetiis
_bApud Jo: Baptistam Albritium Q. Hieron et Sebastianum Coleti
_c1726
300 _a423 p. (t.6)
_c36 x 25 cm
500 _aCum gratia, et privilegio
500 _aEstado físico: presenta encuadernación en pergamino con cantos decorados
650 1 4 _aDerecho canónico
_yObras anteriores a 1800
_922085
902 _aCFM
942 _2lcc
_cB
999 _c8765
_d8765